000 00741nam a2200265 a 4500
003 AR-BaBNM
005 20251128203546.0
008 082120s2002 ||||||||||||||000 | spa||
040 _cAR-BaBNM
100 1 _aMc Gann, Thomás
245 0 0 _aArgentina, Estados Unidos y el sistema interamericano
_b1880-1914
260 _aBuenos Aires
_bEudeba
_c1960
300 _a485 p.
490 0 _aBiblioteca de América
500 _aIndice alfabético p. 461-484.
650 4 _aGENERACION DE 1880
650 4 _aHISTORIA POLITICA
650 4 _aCIENCIAS POLITICAS
650 4 _aHISTORIA POLITICA ARGENTINA
651 4 _aEstados Unidos
651 4 _aArgentina
700 1 _aTjarks, Germán O.
_etraductor
942 _cBK
998 _cmariana
999 _c3937
_d3937